| 000 | 00746nam a22002297a 4500 | ||
|---|---|---|---|
| 999 |
_c21163 _d21163 |
||
| 003 | AR-CdUCM | ||
| 008 | 190326b ||||| |||| 00| 0 spa d | ||
| 040 |
_aMUNICIPALIDAD PROVINCIAL DEL CUSCO _cBIBLIOTECA MUNICIPAL DEL CUSCO |
||
| 082 |
_a869.56 / OS81I _bOS81I _2Tercera |
||
| 100 |
_aOsorio, Juan Alberto _96571 |
||
| 245 | _aInaucis y otros poemas / | ||
| 260 |
_aCusco : _bInkari, _c2018. |
||
| 300 |
_a102 páginas ; _c21 cm. |
||
| 500 | _aTercera edición en homenaje a los cincuenta años de escritura del poema Inaucis. | ||
| 505 | _aContenido: Poesías. | ||
| 650 |
_aLiteratura Peruana _9132 |
||
| 650 |
_apoesías _944207 |
||
| 650 |
_aPoesía peruana _944208 |
||
| 650 |
_aSiglo XX _98 |
||
| 942 |
_2ddc _cLIBROS |
||
| 945 | _aRoel | ||